01030nam a2200241 a 450000100100000000500170001000800410002702000180006804000250008608200200011110000280013124500550015926000390021430000200025359000260027365000280029965000310032791000380035895201330039695201180052995201240064799900170077100003800320240412074258.0130312s2012 dr r 000 0 spa d a9789945865011 aDO-SdBNPbspacBNPHU aRD861.44bM491m1 aMedina, Aquilino95396613aLa muerte se escribe en versos /cAquilino Medina. aSanto Domingo :bDe León,c2012. a70 p. ;c21 cm. aInventariado, 2018/BT 0aPoesía dominicana966 0aLiteratura dominicana.967 aValidado. Control de calidad. MFF 001054708DSaGRbGRcHDd2013-03-12iLF1l0oRD861.44 M491mp38003-30r2020-06-25te. 3w2020-06-25yLFDSZPréstamo en sala 0010718PDaPDbPDcHDd2013-03-12iLF1l0oRD861.44 M491mp38003-10r2020-06-25w2020-06-25yLFPDZNo se presta 0010718PDaPDbPDcHDd2013-03-12iLF1l0oRD861.44 M491mp38003-20r2020-06-25te. 2w2020-06-25yLFPDZNo se presta c37493d37493